| 000 | 00432nam a2200193Ia 4500 | ||
|---|---|---|---|
| 005 | 20240823032844.0 | ||
| 008 | 240823s9999||||xx |||||||||||||| ||und|| | ||
| 020 | _a978-81-907708-2-8 | ||
| 041 | _aENGLISH | ||
| 082 | _A894.8111108 P9 | ||
| 100 | _aUma Maheswari S | ||
| 245 | 0 | _aSanga Ilakiyam | |
| 250 | _a1st | ||
| 260 |
_c2009 _bNal |
||
| 500 | _aYES | ||
| 650 |
_aTamil Book _bGeneral |
||
| 942 | _cBK | ||
| 999 |
_c194420 _d194420 |
||